Enterprise resource planning / (Record no. 21359)

MARC details
000 -LEADER
fixed length control field 00532nam a22001937a 4500
003 - CONTROL NUMBER IDENTIFIER
control field OSt
008 - FIXED-LENGTH DATA ELEMENTS--GENERAL INFORMATION
fixed length control field 260221b1999 |||||||| |||| 00| 0 eng d
020 ## - INTERNATIONAL STANDARD BOOK NUMBER
International Standard Book Number 9789353167820
082 ## - DEWEY DECIMAL CLASSIFICATION NUMBER
Classification number 658.4012
Item number LEO-E
100 ## - MAIN ENTRY--PERSONAL NAME
Personal name Leon, Alexis
245 ## - TITLE STATEMENT
Title Enterprise resource planning /
Statement of responsibility, etc Alexis Leon.
250 ## - EDITION STATEMENT
Edition statement 4th
260 ## - PUBLICATION, DISTRIBUTION, ETC. (IMPRINT)
Place of publication, distribution, etc Chennai :
Name of publisher, distributor, etc McGraw Hill Education,
Date of publication, distribution, etc 1999.
300 ## - PHYSICAL DESCRIPTION
Extent / Pages xx, 504 p. ;
650 ## - SUBJECT ADDED ENTRY--TOPICAL TERM
Topical term or geographic name as entry element Management information systems
650 ## - SUBJECT ADDED ENTRY--TOPICAL TERM
Topical term or geographic name as entry element Enterprise resource planning
650 ## - SUBJECT ADDED ENTRY--TOPICAL TERM
Topical term or geographic name as entry element Business planning
942 ## - ADDED ENTRY ELEMENTS (KOHA)
Source of classification or shelving scheme
Koha item type Books
Holdings
Withdrawn status Lost status Source of classification or shelving scheme Damaged status Not for loan Home library Current library Date acquired Source of acquisition Currency Cost, normal purchase price Full call number Barcode Date last seen Copy number Bill Date Koha item type Bill Number
          SOBD Library SOBD Library 17/02/2026 All Inida Book House INR 900.00 658.4012 LEO-E1 007092 21/02/2026 1 17/02/2026 Reference Books NA/IN/1928
          SOBD Library SOBD Library 17/02/2026 All Inida Book House INR 900.00 658.4012 LEO-E2 007093 21/02/2026 2 17/02/2026 Books NA/IN/1928
          SOBD Library SOBD Library 17/02/2026 All Inida Book House INR 900.00 658.4012 LEO-E3 007094 21/02/2026 3 17/02/2026 Books NA/IN/1928
          SOBD Library SOBD Library 17/02/2026 All Inida Book House INR 900.00 658.4012 LEO-E4 007095 21/02/2026 4 17/02/2026 Books NA/IN/1928
          SOBD Library SOBD Library 17/02/2026 All Inida Book House INR 900.00 658.4012 LEO-E5 007096 21/02/2026 5 17/02/2026 Books NA/IN/1928
Hosted, Implemented, Customized & Maintained by: BestBookBuddies

Powered by Koha